Central Library OPAC University of Rajshahi

Areopagitica : (Record no. 54729)

MARC details
000 -LEADER
fixed length control field 00693nam a2200217 a 4500
001 - CONTROL NUMBER
control field 54729
003 - CONTROL NUMBER IDENTIFIER
rucl marc code BD-RjUL
005 - DATE AND TIME OF LATEST TRANSACTION
control field 20211209080148.0
008 - FIXED-LENGTH DATA ELEMENTS--GENERAL INFORMATION
fixed length control field 161109s1927 enk 000 0deng d
040 ## - CATALOGING SOURCE
Original cataloging agency (BD-RjUL)54851
Language of cataloging eng
Transcribing agency BD-RjUL
Modifying agency BD-RjUL
041 ## - LANGUAGE CODE
Language code of text/sound track or separate title eng
082 ## - DEWEY DECIMAL CLASSIFICATION NUMBER
Edition number 23
Classification number 824
Author mark and year MIA 1950
100 1# - MAIN ENTRY--PERSONAL NAME
Personal name Milton, John,
Dates associated with a name 1608-1674.
9 (RLIN) 163169
245 10 - TITLE STATEMENT
Title Areopagitica :
Remainder of title and other prose works /
Statement of responsibility, etc. John Milton
260 ## - PUBLICATION, DISTRIBUTION, ETC. (IMPRINT)
Place of publication, distribution, etc. London :
Name of publisher, distributor, etc. Dent,
Date of publication, distribution, etc. 1927 [reprinted 1950]
300 ## - PHYSICAL DESCRIPTION
Pagination xv, 306 p. ;
Size 18 cm.
490 1# - SERIES STATEMENT
Series statement Everyman's library ;
Volume/sequential designation no.795
650 #0 - SUBJECT ADDED ENTRY--TOPICAL TERM
Topical term or geographic name as entry element Freedom of the press
Geographic subdivision England
Form subdivision Early works to 1800.
9 (RLIN) 163170
830 #0 - SERIES ADDED ENTRY--UNIFORM TITLE
Uniform title Everyman's library ;
Volume number/sequential designation no.795
942 ## - ADDED ENTRY ELEMENTS (KOHA)
Source of classification or shelving scheme Dewey Decimal Classification
Koha item type Books
Holdings
Lost status Source of classification or shelving scheme Damaged status Not for loan Collection code Permanent Location Current Location Shelving location Date acquired Source of acquisition Cost, normal purchase price Total Checkouts Full call number Date last seen Copy number Koha item type
  Dewey Decimal Classification     Non-fiction Central Library, University of Rajshahi Central Library, University of Rajshahi   05/10/1955 B.H. black well. 6.00   824 MIA 1950 09/11/2016 C-2 Books
  Dewey Decimal Classification   Not For Loan Non-fiction Central Library, University of Rajshahi Central Library, University of Rajshahi Reading Room 20/10/1990 shaukat osman     824 MIA 1950 30/01/2017 C-1 Books